000 00232nam a2200085 4500
001 1257641
005 20260217133224.0
245 _a21 YAŞINDA ÇAĞ AÇIP ÇAĞ KAPAYAN FATİH SULTAN MEHMET
_cİSMAİL BİLGİN
260 _bERDEM ÇOCUK
999 _c1257641
_d1257641